Normal view
MARC view
Entry Personal Name
001 - CONTROL NUMBER
- control field: 20171
003 - CONTROL NUMBER IDENTIFIER
- control field: ARRUPE
005 - DATE AND TIME OF LATEST TRANSACTION
- control field: 20151008124829.0
008 - FIXED-LENGTH DATA ELEMENTS
- fixed length control field: 151008|| aca||aabn | a|a d
040 ## - CATALOGING SOURCE
- Original cataloging agency: ARRUPE
- Transcribing agency: ARRUPE
100 ## - HEADING--PERSONAL NAME
- Personal name: Horrigan, Vincent C.
670 ## - SOURCE DATA FOUND
- Source citation: Work cat.: (ARRUPE)0: Schoder, Raymond V., 1916-1987. 20169, A reading course in Homeric Greek /, 1985.